Cerámica artística portuense (Record no. 7914)

MARC details
000 -CABECERA
campo de control de longitud fija 00704nam a2200241 a 4500
001 - NÚMERO DE CONTROL
campo de control BRCA_8246
005 - FECHA Y HORA DE LA ÚLTIMA TRANSACCIÓN
campo de control 20190320210208.0
008 - DATOS DE LONGITUD FIJA--INFORMACIÓN GENERAL
campo de control de longitud fija 280514s1940----po-a###f##---#000-0#por-#
041 ## - CÓDIGO DE LENGUA
Código de lengua del texto/banda sonora o título independiente por
044 ## - CÓDIGO DEL PAÍS DE LA ENTIDAD EDITORA/PRODUCTORA
Código MARC del país po
050 #4 - SIGNATURA TOPOGRÁFICA DE LA BIBLIOTECA DEL CONGRESO
Número de clasificación NK4126
Número de documento/Ítem .V35 1940
100 1# - ENTRADA PRINCIPAL--NOMBRE DE PERSONA
Nombre de persona Valente, Vasco
9 (RLIN) 20570
245 10 - MENCIÓN DE TÍTULO
Título Cerámica artística portuense
Resto del título dos séculos XVIII e XIX
Mención de responsabilidad, etc. Vasco Valente.
260 ## - PUBLICACIÓN, DISTRIBUCIÓN, ETC.
Lugar de publicación, distribución, etc. Oporto
Nombre del editor, distribuidor, etc. Livraria Fernando Machado
Fecha de publicación, distribución, etc. [194?]
300 ## - DESCRIPCIÓN FÍSICA
Extensión 243 p.
Otras características físicas il.
Dimensiones 30 cm.
500 ## - NOTA GENERAL
Nota general Ver también T90
500 ## - NOTA GENERAL
Nota general T86
650 14 - PUNTO DE ACCESO ADICIONAL DE MATERIA--TÉRMINO DE MATERIA
Término de materia o nombre geográfico como elemento de entrada Cerámica
Subdivisión geográfica Portugal
9 (RLIN) 20571
650 14 - PUNTO DE ACCESO ADICIONAL DE MATERIA--TÉRMINO DE MATERIA
Término de materia o nombre geográfico como elemento de entrada Cerámica y porcelana
Subdivisión cronológica Siglo XVIII
9 (RLIN) 20572
650 14 - PUNTO DE ACCESO ADICIONAL DE MATERIA--TÉRMINO DE MATERIA
Término de materia o nombre geográfico como elemento de entrada Cerámica y porcelana
Subdivisión cronológica Siglo XIX
9 (RLIN) 20573
902 ## - CATALOGADOR
Iniciales GFM
942 ## - ELEMENTOS DE PUNTO DE ACCESO ADICIONAL (KOHA)
Fuente del sistema de clasificación o colocación Library of Congress Classification
Tipo de ítem Koha Libros
Holdings
Estado de retiro Estado de pérdida Estado dañado No para préstamo Localización permanente Ubicación/localización actual Fecha de adquisición Número de inventario Total de préstamos Signatura topográfica completa Código de barras Fecha visto por última vez Precio válido a partir de Tipo de ítem Koha
El ejemplar forma parte de la colección y puede ser consultado según las políticas vigentes.       Biblioteca del Museo Franz Mayer (Rogerio Casas-Alatriste) Biblioteca del Museo Franz Mayer (Rogerio Casas-Alatriste) 28/05/2014 T86   NK4126 .V35 1940 (T86) 8870 22/03/2019 22/03/2019 Libros